| 000 | 00507nam a2200193 a 4500 | ||
|---|---|---|---|
| 005 | 20140310183456.0 | ||
| 008 | 091208s19uu xx 00 eng d | ||
| 020 | _a9780230223332 | ||
| 050 |
_aPN 1994 _b.D53 2010 |
||
| 100 | _aDick, Bernard F. | ||
| 245 |
_aAnatomy of film / _cBernard F. Dick |
||
| 250 | _a6th ed. | ||
| 260 |
_aBoston : _bBedford/Martin's, _c2010. |
||
| 300 |
_a450 p. : _bill. ; _c20 cm. |
||
| 521 | _aMC | ||
| 650 | _aMotion pictures. | ||
| 942 |
_cBK _2lcc _kFOR |
||
| 999 |
_c23623 _d23623 |
||